Intensive Supervision Probation for High-Risk Offenders: Findings from three California Experiments

Guardado en:  
Detalles Bibliográficos
Autor principal: Petersilia, Joan Ramme (Autor)
Tipo de documento: Print Libro
Lenguaje:Inglés
Publicado: [Erscheinungsort nicht ermittelbar] University of California, Irvine 1990
En:Año: 1990
Verificar disponibilidad: HBZ Gateway
Servicio de pedido Subito: Pedir ahora.

MARC

LEADER 00000cam a22000002c 4500
001 1912594102
003 DE-627
005 20250127054953.0
007 tu
008 241217s1990 xx ||||| 00| ||eng c
035 |a (DE-627)1912594102 
035 |a (DE-599)KXP1912594102 
040 |a DE-627  |b ger  |c DE-627  |e rda 
041 |a eng 
084 |a 2,1  |2 ssgn 
100 1 |a Petersilia, Joan Ramme  |e VerfasserIn  |4 aut 
245 1 0 |a Intensive Supervision Probation for High-Risk Offenders: Findings from three California Experiments 
264 1 |a [Erscheinungsort nicht ermittelbar]  |b University of California, Irvine  |c 1990 
336 |a Text  |b txt  |2 rdacontent 
337 |a ohne Hilfsmittel zu benutzen  |b n  |2 rdamedia 
338 |a Band  |b nc  |2 rdacarrier 
787 0 8 |i Forschungsdaten  |a Petersilia, Joan  |t Intensive Supervision for High-Risk Offenders in 14 Sites in the United States, 1987-1990  |d [Erscheinungsort nicht ermittelbar] : [Verlag nicht ermittelbar], 1999  |w (DE-627)1840048352 
935 |a mkri 
951 |a BO 
ELC |b 1 
LOK |0 000 xxxxxcx a22 zn 4500 
LOK |0 001 4637559618 
LOK |0 003 DE-627 
LOK |0 004 1912594102 
LOK |0 005 20241217044617 
LOK |0 008 241217||||||||||||||||ger||||||| 
LOK |0 035   |a (DE-2619)ICPSR24324 
LOK |0 040   |a DE-2619  |c DE-627  |d DE-2619 
LOK |0 092   |o n 
LOK |0 852   |a DE-2619 
LOK |0 852 1  |9 00 
LOK |0 935   |a nacp 
LOK |0 939   |a 17-12-24  |b l01 
ORI |a SA-MARC-krimdoka001.raw